000 00411nam a2200181Ia 4500
001 9798
005 20260306161745.0
008 260306t2003||||xx |||||||||||||| ||spa||
041 _aESP
082 _a461.073
_bC16
100 _aCairo Cairo, Federico
_eAUT
245 0 _aRazonamiento verbal
260 _c2003
300 _a444 páginas :
_c
650 _aGEN
654 _aCHU
942 _cLIB
_dJUS
_fJUS
_2ddc
_n
999 _c9798
_d9798